000 00353nam a2200145Ia 4500
008 100415s9999 xx 000 0 und d
082 _b10580
_a574.92
100 _aHerring Peter (ed.)
245 _aDeep Oceans
260 _aLONDON
_c1971
_bARTHUR BARKER LTD.
365 _b236.5
630 _aDeep Oceans
730 _aDeep Oceans
942 _cBOOK
999 _c593506
_d593503